| 000 | 00432pab a2200157 454500 | ||
|---|---|---|---|
| 008 | 180718b1998 xxu||||| |||| 00| 0 eng d | ||
| 100 | _aPandey, A.P. et al. | ||
| 245 | _aExcess capacity in the Indian manufacturing industries | ||
| 260 | _c1998 | ||
| 300 | _ap.469-81 | ||
| 362 | _aApr | ||
| 650 | _aManufacturing industry - India | ||
| 650 | _aManufacturing industry | ||
| 773 | _aIndian Journal of Economics | ||
| 909 | _a40203 | ||
| 999 |
_c40203 _d40203 |
||